Discoursal Functions of Ideation, Interpersonal and Relational Idiomatic Expressions
Na minha lista:
| Autor principal: | |
|---|---|
| Formato: | Capítulo de Livro |
| Idioma: | inglês |
| Assuntos: | |
| Tags: |
Sem tags, seja o primeiro a adicionar uma tag!
|
MARC
| LEADER | 00000naa$a2200000$$$4500 | ||
|---|---|---|---|
| 001 | 0195793 | ||
| 005 | 20240502083457.4 | ||
| 041 | 0 | |a eng | |
| 044 | |a PL | ||
| 245 | 1 | 0 | |a Discoursal Functions of Ideation, Interpersonal and Relational Idiomatic Expressions |c Zuzana Hrdličková |
| 500 | |a Abstrakt | ||
| 610 | 2 | 0 | |a gramatika |
| 610 | 2 | 0 | |a zásoba slovná |
| 100 | 1 | |a Hrdličková, Zuzana | |